Gaming Quiz

Random Gaming or Nintendo Quiz

Legend of Zelda: Ocarina of Time by Numbers Quiz Stats

Quiz Updated Jun 10, 2015

Challenge
Share
Tweet
Embed
Score 0/20 Timer 03:00
1 Play Today
The number of... Number % Correct
Goddesses that created Hyrule3
84.6%
Empty bottles Link can (legally) acquire4
83.7%
Rupees a Purple Rupee is valued at50
83.2%
Sages Link must awaken to face Ganondorf5
83.2%
Years Link was trapped in the Sacred Realm7
81.9%
Great Fairy Fountains hidden in Hyrule6
79.8%
Ocarina tunes Link may learn (not compose)12
79.1%
Arrows Link initially finds in his Quiver30
77.2%
Masks Link can ultimately borrow8
75.5%
Rupees it costs to Fish in the Pond20
75.2%
The number of... Number % Correct
Scarecrows found in Hyrule2
72.5%
Golden Skulltulas roaming Hyrule100
72.2%
Big Poes roaming Hyrule10
70.6%
Rupees an Adult's Wallet can hold200
70.6%
Keys in the Gerudo Training Ground9
67.4%
'Twenty-three is number ...'1
66.5%
Pounds a Large Fish must weigh to earn the Golden Scale15
57.9%
Heart Pieces available in Hyrule36
48.7%
Ladders in the Water Temple (not boss chamber)0
44.4%
Points in a perfect Horseback Archery Range run2000
33.6%

You're not logged in!

Compare scores with friends on all Sporcle quizzes.
Sign Up with Email
OR
Log In

You Might Also Like...

Show Comments

Extras

Top Quizzes Today


Score Distribution

Your Account Isn't Verified!

In order to create a playlist on Sporcle, you need to verify the email address you used during registration. Go to your Sporcle Settings to finish the process.